[Event "I Festival Spiaggia di Velluto A"]
[Site "Senigallia ITA"]
[Date "2010.07.28"]
[Round "4"]
[White "Turazza, Andrea"]
[Black "Cesarano, Marco"]
[Result "1/2-1/2"]
[WhiteElo "1857"]
[BlackElo "1845"]
[PlyCount "61"]
[EventDate "2010.07.26"]

1. Nf3 Nf6 2. g3 d5 3. d3 e6 4. Bg2 Be7 5. Nbd2 Nbd7 6. O-O O-O 7. e4 dxe4 8.
dxe4 e5 9. Qe2 c6 10. Nc4 Qc7 11. Nh4 g6 12. Bh6 Re8 13. Rfd1 b5 14. Ne3 Nb6
15. Rac1 Be6 16. Bg5 Rad8 17. b3 Kg7 18. f4 h6 19. Bxf6+ Bxf6 20. f5 Bc8 21.
Rf1 Qd6 22. Ng4 g5 23. Nxf6 Kxf6 24. Nf3 Qc5+ 25. Kh1 Qc3 26. Rfd1 Ke7 27. Qe1
Qxe1+ 28. Nxe1 Rxd1 29. Rxd1 Rd8 30. Rxd8 Kxd8 31. Nd3 1/2-1/2

[Event "I Festival Spiaggia di Velluto A"]
[Site "Senigallia ITA"]
[Date "2010.07.28"]
[Round "4"]
[White "Vezzosi, Paolo"]
[Black "Piva, Giorgio"]
[Result "1-0"]
[WhiteElo "2362"]
[BlackElo "2195"]
[PlyCount "99"]
[EventDate "2010.07.26"]

1. d4 d5 2. c4 dxc4 3. Nf3 c6 4. e3 Be6 5. a4 Nf6 6. Na3 Bd5 7. Nxc4 e6 8. Be2
Be7 9. O-O O-O 10. Bd2 c5 11. Rc1 Nbd7 12. Qb3 Rc8 13. Rfd1 Qc7 14. a5 Ng4 15.
h3 Ngf6 16. Qa3 Qb8 17. b4 cxd4 18. exd4 Rfd8 19. Qb2 Ne4 20. Be1 Ndf6 21. Ne3
Rxc1 22. Rxc1 Rc8 23. Ne5 Nd6 24. b5 Rxc1 25. Qxc1 Qc8 26. Qc5 Qb8 27. Nxd5
exd5 28. Qc2 Qc8 29. Qxc8+ Nxc8 30. a6 bxa6 31. bxa6 Ba3 32. Nc6 g6 33. Ba5 Bd6
34. Kf1 Ne4 35. Bd1 Kf8 36. Bb3 Nf6 37. Bd8 Nd7 38. Bxd5 Nb8 39. Nxb8 Bxb8 40.
Bf6 Ne7 41. Be4 Bc7 42. Ke2 Ke8 43. Kd3 Kd7 44. Kc4 Nc8 45. Bf3 Nb6+ 46. Kb5
Bd6 47. g4 Kc7 48. Bc6 Nd7 49. Bxd7 Kxd7 50. d5 1-0

[Event "I Festival Spiaggia di Velluto A"]
[Site "Senigallia ITA"]
[Date "2010.07.29"]
[Round "5"]
[White "Belezky, Alexander"]
[Black "Vezzosi, Paolo"]
[Result "1/2-1/2"]
[WhiteElo "2440"]
[BlackElo "2362"]
[PlyCount "39"]
[EventDate "2010.07.26"]

1. Nf3 Nf6 2. g3 d5 3. c4 c6 4. Bg2 g6 5. b3 Bg7 6. Bb2 O-O 7. O-O Nbd7 8. cxd5
cxd5 9. Qc2 b6 10. Rc1 Ba6 11. Qd1 Rc8 12. Na3 Rxc1 13. Rxc1 Qa8 14. b4 Rc8 15.
b5 Bb7 16. Rxc8+ Qxc8 17. Qc2 Qxc2 18. Nxc2 a6 19. bxa6 Bxa6 20. d3 1/2-1/2

[Event "I Festival Spiaggia di Velluto A"]
[Site "Senigallia ITA"]
[Date "2010.07.29"]
[Round "5"]
[White "Calza, Gabriele"]
[Black "Nagni, Marco"]
[Result "1-0"]
[WhiteElo "1992"]
[BlackElo "1898"]
[PlyCount "81"]
[EventDate "2010.07.26"]

1. Nf3 c5 2. c4 Nc6 3. g3 b6 4. Bg2 Bb7 5. O-O Nf6 6. Nc3 d6 7. b3 e6 8. Bb2
Be7 9. d4 cxd4 10. Nxd4 Qc8 11. Ncb5 Nxd4 12. Qxd4 Bxg2 13. Kxg2 Qc6+ 14. f3 a6
15. Nc3 h5 16. h4 Ng4 17. Ne4 Nf6 18. Nf2 Rd8 19. Rac1 Qc5 20. Qd2 Rg8 21. Nd3
Qf5 22. e4 Qh7 23. Qe3 Nd7 24. Rh1 e5 25. Kf2 f5 26. Rcd1 Rf8 27. Ke2 g5 28.
hxg5 f4 29. gxf4 exf4 30. Qd4 Bxg5 31. Qxd6 Nc5 32. Qc6+ Nd7 33. Ne5 Qg7 34.
Rxd7 Rxd7 35. Qxd7+ Qxd7 36. Nxd7 Kxd7 37. Rxh5 Rg8 38. Rh7+ Kc6 39. Rg7 Rh8
40. Rg6+ Kd7 41. Bxh8 1-0

[Event "I Festival Spiaggia di Velluto A"]
[Site "Senigallia ITA"]
[Date "2010.07.29"]
[Round "5"]
[White "Cavezzana, Davide"]
[Black "Marvin, Elio"]
[Result "1-0"]
[WhiteElo "1746"]
[BlackElo "1712"]
[PlyCount "63"]
[EventDate "2010.07.26"]

1. e4 e5 2. Nf3 d6 3. d4 exd4 4. Qxd4 Nc6 5. Bb5 Bd7 6. Bxc6 Bxc6 7. Nc3 Nf6 8.
Bg5 Be7 9. O-O-O O-O 10. Rhe1 h6 11. Bh4 Nd7 12. Bxe7 Qxe7 13. Nd5 Bxd5 14.
exd5 Qd8 15. Qh4 Qf6 16. Qxf6 Nxf6 17. h3 Rfe8 18. c4 a5 19. Nd4 Rxe1 20. Rxe1
Re8 21. Rxe8+ Nxe8 22. Nb3 b6 23. Nd4 g6 24. Kd2 Kg7 25. Ke3 Kf6 26. f4 Ke7 27.
g4 Ng7 28. Ke4 f6 29. f5 gxf5+ 30. Nxf5+ Nxf5 31. Kxf5 Kf7 32. a4 1-0

[Event "I Festival Spiaggia di Velluto A"]
[Site "Senigallia ITA"]
[Date "2010.07.29"]
[Round "5"]
[White "Cesarano, Marco"]
[Black "Maddaloni, Giovanni"]
[Result "1-0"]
[WhiteElo "1845"]
[BlackElo "1785"]
[PlyCount "53"]
[EventDate "2010.07.26"]

1. Nf3 Nf6 2. d4 g6 3. c4 d5 4. cxd5 Bg7 5. Nc3 Nxd5 6. Qb3 Nb6 7. Bf4 Na6 8.
Rd1 O-O 9. e4 c6 10. Be2 Nd7 11. O-O Qa5 12. e5 e6 13. Ne4 c5 14. d5 exd5 15.
Qxd5 Nb4 16. Qd2 Qxa2 17. Nd6 Nb6 18. Bh6 Be6 19. Bxg7 Kxg7 20. Qg5 N4d5 21.
Nh4 h6 22. Nhf5+ Bxf5 23. Nxf5+ Kg8 24. Qxh6 gxf5 25. Rd3 Ne7 26. Rh3 f6 27.
Qh7# 1-0

[Event "I Festival Spiaggia di Velluto A"]
[Site "Senigallia ITA"]
[Date "2010.07.29"]
[Round "5"]
[White "Cipollaro, Giovanni"]
[Black "Frontini, Fabio"]
[Result "1/2-1/2"]
[WhiteElo "1497"]
[BlackElo "1965"]
[PlyCount "78"]
[EventDate "2010.07.26"]

1. e4 c6 2. d4 d5 3. exd5 cxd5 4. Bd3 Nc6 5. c3 Nf6 6. Bf4 e6 7. Nf3 Be7 8. O-O
O-O 9. Nbd2 a6 10. Ne5 Bd7 11. Ndf3 Rc8 12. Re1 b5 13. a4 bxa4 14. Bxa6 Nxe5
15. dxe5 Ne4 16. Bxc8 Qxc8 17. Nd4 Qc7 18. Qg4 Rb8 19. Qe2 a3 20. bxa3 Qxc3 21.
Qe3 Qa5 22. Qd3 h6 23. h3 Rc8 24. Rec1 Rxc1+ 25. Rxc1 Qxa3 26. Qxa3 Bxa3 27.
Rc7 Nc5 28. Be3 Ba4 29. Ra7 Bb4 30. Nf3 Bd1 31. Ra8+ Kh7 32. Nd4 Nd3 33. Ra7
Nxe5 34. f4 Nc4 35. Bf2 Bh5 36. g4 Bg6 37. f5 exf5 38. gxf5 Bh5 39. Rd7 Ne5
1/2-1/2

[Event "I Festival Spiaggia di Velluto A"]
[Site "Senigallia ITA"]
[Date "2010.07.29"]
[Round "5"]
[White "Faini, Ivano"]
[Black "Riboldi, Raffaele"]
[Result "0-1"]
[WhiteElo "1688"]
[BlackElo "1911"]
[PlyCount "108"]
[EventDate "2010.07.26"]

1. c4 c5 2. g3 Nc6 3. Bg2 g6 4. e4 Bg7 5. Ne2 e6 6. Nbc3 Nge7 7. O-O O-O 8. d3
d6 9. Rb1 a6 10. a3 Rb8 11. b4 Nd4 12. Nxd4 Bxd4 13. Ne2 Bg7 14. Qb3 Bd7 15.
Bd2 Qc7 16. Bf4 e5 17. Be3 f5 18. f4 fxe4 19. dxe4 Bg4 20. Nc3 b6 21. Rb2 Be6
22. Rd2 cxb4 23. Nd5 Bxd5 24. exd5 bxa3 25. Rc2 exf4 26. gxf4 Bb2 27. Bh3 Nf5
28. Bxf5 Rxf5 29. Kh1 Qe7 30. h3 Qe4+ 31. Kh2 Re8 32. Bxb6 Rb8 33. c5 dxc5 34.
d6+ c4 35. Rxc4 Qe2+ 36. Rf2 Qxf2+ 37. Bxf2 Rxb3 38. Rc8+ Rf8 39. d7 Rd3 40.
Bc5 Rxd7 41. Rxf8+ Kg7 42. Ra8 a2 43. Rxa6 a1=Q 44. Rxa1 Bxa1 45. Kg3 Kf6 46.
Bf8 Kf5 47. Bh6 Bc3 48. Kf3 Rd3+ 49. Kg2 Bd2 50. h4 Bxf4 51. Bg7 Kg4 52. h5
Rd2+ 53. Kh1 Kg3 54. Bd4 Rxd4 0-1

[Event "I Festival Spiaggia di Velluto A"]
[Site "Senigallia ITA"]
[Date "2010.07.29"]
[Round "5"]
[White "Faini, Marco"]
[Black "De Paoli, Emilio"]
[Result "1-0"]
[WhiteElo "1936"]
[BlackElo "1862"]
[PlyCount "91"]
[EventDate "2010.07.26"]

1. c4 e5 2. Nc3 Bb4 3. g3 Nf6 4. Bg2 O-O 5. e4 Re8 6. Nge2 Nc6 7. d3 a5 8. Be3
b6 9. h3 Bb7 10. O-O Ne7 11. a3 Bc5 12. Bxc5 bxc5 13. Na4 d6 14. Rb1 Qd7 15.
Nac3 Nc6 16. f4 Nd4 17. Nxd4 cxd4 18. Ne2 h6 19. g4 Nh7 20. Ng3 c5 21. Nf5 Bc6
22. Qd2 Reb8 23. h4 Ra7 24. Bh3 Qd8 25. Qh2 f6 26. Rbd1 Rab7 27. Rd2 Bd7 28.
Nxd6 Rb3 29. fxe5 fxe5 30. Qxe5 Nf6 31. Nf5 Bxf5 32. Qxf5 Rxb2 33. Rxb2 Rxb2
34. e5 Qb8 35. g5 Nh7 36. Qf7+ Kh8 37. g6 Rb1 38. gxh7 Rxf1+ 39. Qxf1 Qxe5 40.
Qf8+ Kxh7 41. Qf5+ Qxf5 42. Bxf5+ g6 43. Be4 Kg7 44. Kf2 g5 45. hxg5 hxg5 46.
Kg3 1-0

[Event "I Festival Spiaggia di Velluto A"]
[Site "Senigallia ITA"]
[Date "2010.07.29"]
[Round "5"]
[White "Gianfelici, Edoardo"]
[Black "Schiappoli, Dario"]
[Result "0-1"]
[WhiteElo "2065"]
[BlackElo "1944"]
[PlyCount "54"]
[EventDate "2010.07.26"]

1. d4 Nf6 2. c4 e5 3. dxe5 Ng4 4. Bf4 Bc5 5. e3 d6 6. exd6 Qf6 7. dxc7 Nc6 8.
Nc3 Nxf2 9. Kxf2 Qxf4+ 10. Qf3 Bxe3+ 11. Ke1 Bd2+ 12. Kf2 Qd4+ 13. Kg3 Ne5 14.
Nce2 Qxc4 15. Nc3 Qxc7 16. Qe2 Bxc3 17. Rc1 O-O 18. Rxc3 Qd6 19. Kf2 Bg4 20.
Nf3 Rae8 21. Re3 Qb6 22. Kg3 Qd6 23. Kf2 Bxf3 24. gxf3 Qd4 25. Kg3 Re6 26. Bg2
f5 27. f4 Rg6+ 0-1

[Event "I Festival Spiaggia di Velluto A"]
[Site "Senigallia ITA"]
[Date "2010.07.29"]
[Round "5"]
[White "Gorgoglione, Enrico"]
[Black "Salmoiraghi, Angelo"]
[Result "0-1"]
[WhiteElo "1938"]
[BlackElo "2172"]
[PlyCount "86"]
[EventDate "2010.07.26"]

1. e4 c5 2. f4 d5 3. exd5 Nf6 4. Nc3 Nxd5 5. Nxd5 Qxd5 6. Qf3 Qd6 7. Bc4 Nc6 8.
c3 e6 9. Ne2 Be7 10. O-O O-O 11. Bb3 b6 12. Bc2 g6 13. Ng3 f5 14. Qe2 Bf6 15.
d3 Re8 16. Be3 Ba6 17. Rad1 Rad8 18. Qf2 Qc7 19. Rd2 Qg7 20. Rfd1 e5 21. Kh1
Kh8 22. Ba4 Re6 23. h3 Red6 24. Bc2 Qd7 25. Ne2 Qg7 26. b3 R8d7 27. c4 Bb7 28.
Kh2 Qe7 29. a3 Bh4 30. g3 Bf6 31. h4 h5 32. Re1 Qd8 33. Red1 e4 34. Bb1 exd3
35. Nc1 Na5 36. Qf1 Be4 37. Ba2 Bc3 38. Rf2 Nc6 39. Kh3 Ne7 40. Bd2 Bd4 41. Rh2
Qa8 42. Bb1 Bf3 43. g4 fxg4+ 0-1

[Event "I Festival Spiaggia di Velluto A"]
[Site "Senigallia ITA"]
[Date "2010.07.29"]
[Round "5"]
[White "Loccisano, Giuseppe"]
[Black "Della Rocca, Giuseppe"]
[Result "1/2-1/2"]
[WhiteElo "1828"]
[BlackElo "1716"]
[PlyCount "62"]
[EventDate "2010.07.26"]

1. e4 c5 2. c3 Nf6 3. e5 Nd5 4. Nf3 Nc6 5. Bc4 Nb6 6. Bb3 d6 7. exd6 Qxd6 8. d4
cxd4 9. cxd4 Bg4 10. Bxf7+ Kd8 11. Be3 e6 12. h3 Bf5 13. Bh5 Nb4 14. O-O Be7
15. Ne5 Rf8 16. Na3 g6 17. Bf3 N4d5 18. g4 Bf6 19. Bh6 Bxe5 20. Bxf8 Qxf8 21.
dxe5 Ke7 22. gxf5 gxf5 23. Qd2 f4 24. Kh2 Qh6 25. Rg1 Rd8 26. Rad1 Nd7 27. Bxd5
Nxe5 28. Qb4+ Kf6 29. Bg2 Ng4+ 30. Kh1 Nxf2+ 31. Kh2 Ng4+ 1/2-1/2

[Event "I Festival Spiaggia di Velluto A"]
[Site "Senigallia ITA"]
[Date "2010.07.29"]
[Round "5"]
[White "Lotti, Fabio"]
[Black "Marozzi, Giovanni"]
[Result "1-0"]
[WhiteElo "2033"]
[BlackElo "1928"]
[PlyCount "79"]
[EventDate "2010.07.26"]

1. d4 d5 2. Nc3 Bf5 3. f3 Nf6 4. g4 Bg6 5. Nh3 e6 6. Bf4 Bd6 7. Qd2 h6 8. Nb5
Bxf4 9. Nxf4 Bh7 10. h4 c6 11. Nc3 Nfd7 12. Nh5 g6 13. Ng7+ Kf8 14. Qxh6 Kg8
15. Nxe6 fxe6 16. O-O-O Qf6 17. Qd2 Na6 18. g5 Qf7 19. Bh3 Nc7 20. Rdf1 Ne8 21.
e4 Nd6 22. b3 Kg7 23. Qe3 Rae8 24. f4 Rhf8 25. Bg4 Rh8 26. e5 Nf5 27. Bxf5 exf5
28. Ne2 Nf8 29. Ng3 Ne6 30. h5 gxh5 31. Nxh5+ Kf8 32. Nf6 Rd8 33. Rh6 Ke7 34.
Rfh1 Nf8 35. Qh3 Rb8 36. Nxh7 Nxh7 37. Rxh7 Rxh7 38. Qxh7 Qxh7 39. Rxh7+ Ke6
40. Rh6+ 1-0

[Event "I Festival Spiaggia di Velluto A"]
[Site "Senigallia ITA"]
[Date "2010.07.29"]
[Round "5"]
[White "Maggiore, Francesco"]
[Black "Turazza, Andrea"]
[Result "0-1"]
[WhiteElo "1767"]
[BlackElo "1857"]
[PlyCount "120"]
[EventDate "2010.07.26"]

1. e4 c5 2. Nc3 Nc6 3. g3 g6 4. Bg2 Bg7 5. f4 e6 6. Nf3 Nge7 7. d3 a6 8. Be3 d6
9. O-O O-O 10. Rb1 Nd4 11. Ne2 Nec6 12. c3 Nxf3+ 13. Bxf3 Re8 14. d4 c4 15. b3
cxb3 16. axb3 d5 17. e5 Na5 18. Qc2 b5 19. Nc1 Rb8 20. Nd3 Bf8 21. Nb4 Qc7 22.
Rfc1 Bb7 23. Be2 Bxb4 24. cxb4 Qxc2 25. Rxc2 Nc6 26. Rbc1 Rec8 27. Kf1 Nxb4 28.
Rxc8+ Rxc8 29. Rxc8+ Bxc8 30. Ke1 Kf8 31. Kd2 Ke7 32. Kc3 Nc6 33. b4 Kd7 34.
Kb3 Kc7 35. Ka3 Kb6 36. h4 a5 37. bxa5+ Kxa5 38. h5 Bd7 39. hxg6 hxg6 40. Bf1
b4+ 41. Kb3 Na7 42. Be2 Ba4+ 43. Kb2 Bb5 44. Bxb5 Kxb5 45. Kb3 Nc6 46. Bf2 Na5+
47. Kb2 Kc4 48. Bg1 Nb3 49. Bf2 Nxd4 50. Bxd4 Kxd4 51. Kb3 Ke3 52. Kc2 Ke2 53.
g4 d4 54. f5 d3+ 55. Kb2 d2 56. fxe6 fxe6 57. g5 d1=Q 58. Ka2 Qc2+ 59. Ka1 Qd2
60. Kb1 b3 0-1

[Event "I Festival Spiaggia di Velluto A"]
[Site "Senigallia ITA"]
[Date "2010.07.29"]
[Round "5"]
[White "Marsili, Riccardo"]
[Black "Padovani, Alessio"]
[Result "1/2-1/2"]
[WhiteElo "1914"]
[BlackElo "1976"]
[PlyCount "69"]
[EventDate "2010.07.26"]

1. e4 d5 2. exd5 Qxd5 3. Nc3 Qd6 4. Nf3 Nf6 5. Bc4 a6 6. a4 e6 7. O-O Be7 8.
Qe2 b6 9. d4 Bb7 10. Re1 h6 11. h3 Nbd7 12. Be3 O-O 13. Rad1 Rfe8 14. Rd2 Qb4
15. Bb3 Qa5 16. Red1 Bb4 17. Rd3 e5 18. Nxe5 Nxe5 19. dxe5 Qxe5 20. Nd5 Nxd5
21. Bxd5 Bxd5 22. Rxd5 Qe6 23. Qf3 Rac8 24. c3 Bf8 25. Qf5 Qxf5 26. Rxf5 Red8
27. Rfd5 Be7 28. Bf4 Rxd5 29. Rxd5 Rd8 30. Rxd8+ Bxd8 31. Kf1 Kf8 32. Ke2 Ke7
33. Be5 g6 34. Kd3 Ke6 35. Bg3 1/2-1/2

[Event "I Festival Spiaggia di Velluto A"]
[Site "Senigallia ITA"]
[Date "2010.07.29"]
[Round "5"]
[White "Pescatore, Lorenzo"]
[Black "Rago, Riccardo"]
[Result "1/2-1/2"]
[WhiteElo "1980"]
[BlackElo "2103"]
[PlyCount "31"]
[EventDate "2010.07.26"]

1. e4 c5 2. Nc3 Nc6 3. f4 e6 4. Nf3 d6 5. Bb5 Bd7 6. O-O Nge7 7. d3 a6 8. Bxc6
Nxc6 9. Qe1 Be7 10. Qg3 O-O 11. f5 Nd4 12. Nxd4 cxd4 13. Ne2 exf5 14. exf5 Bf6
15. Qxd6 Re8 16. Nf4 1/2-1/2

[Event "I Festival Spiaggia di Velluto A"]
[Site "Senigallia ITA"]
[Date "2010.07.29"]
[Round "5"]
[White "Piva, Giorgio"]
[Black "Borgiani, Flavio"]
[Result "1-0"]
[WhiteElo "2195"]
[BlackElo "2194"]
[PlyCount "171"]
[EventDate "2010.07.26"]

1. d4 e6 2. Bf4 Nf6 3. e3 b6 4. Nf3 Bb7 5. Bd3 Be7 6. h3 c5 7. c3 d6 8. a4 Nbd7
9. Bh2 O-O 10. O-O Re8 11. Qe2 Bf8 12. Rd1 cxd4 13. cxd4 Nd5 14. Qd2 f5 15. Nc3
Nxc3 16. bxc3 Bxf3 17. gxf3 Qh4 18. Bf1 Kh8 19. a5 Nf6 20. axb6 axb6 21. Ra2
Nd5 22. Rda1 Rxa2 23. Rxa2 Qh5 24. c4 Nf6 25. Bg2 d5 26. cxd5 Nxd5 27. Ra7 Rc8
28. Be5 Kg8 29. Qb2 Qe8 30. e4 Nb4 31. exf5 exf5 32. f4 Nc6 33. Rb7 Nxe5 34.
fxe5 f4 35. Rxb6 Kh8 36. d5 Bc5 37. Rc6 Rb8 38. Qc2 Bd4 39. e6 h6 40. Qe4 Ba7
41. Rc7 Bb6 42. Rf7 f3 43. Qxf3 Bc5 44. Qf5 Qd8 45. Qe5 Rb1+ 46. Bf1 Qg5+ 47.
Qxg5 hxg5 48. e7 Rb8 49. Bb5 Bxe7 50. Rxe7 Rxb5 51. Re5 Kg8 52. Rxg5 Kf7 53.
Kg2 Kf6 54. h4 Rb4 55. Kg3 Rd4 56. f4 g6 57. h5 gxh5 58. Rxh5 Rd1 59. Re5 Ra1
60. Kf3 Rf1+ 61. Ke3 Rd1 62. Ke4 Re1+ 63. Kd4 Rd1+ 64. Kc5 Rc1+ 65. Kd6 Rc2 66.
Kd7 Rc4 67. Re8 Kf7 68. f5 Ra4 69. Re1 Ra7+ 70. Kc6 Ra6+ 71. Kb5 Rf6 72. Re5
Rd6 73. Kc5 Ra6 74. d6 Ra5+ 75. Kd4 Ra4+ 76. Kc3 Ra3+ 77. Kb4 Rd3 78. Kc5 Rc3+
79. Kb6 Rb3+ 80. Kc7 Rc3+ 81. Kd8 Kf6 82. Ra5 Kf7 83. d7 Rc2 84. Ra8 Rh2 85.
Kc7 Rc2+ 86. Kb6 1-0

[Event "I Festival Spiaggia di Velluto A"]
[Site "Senigallia ITA"]
[Date "2010.07.29"]
[Round "5"]
[White "Raselli, Claudio"]
[Black "Rizzardi, Franco"]
[Result "0-1"]
[WhiteElo "1953"]
[BlackElo "2002"]
[PlyCount "90"]
[EventDate "2010.07.26"]

1. e4 e6 2. d4 d5 3. e5 c5 4. c3 Qb6 5. Nf3 Nc6 6. a3 c4 7. g3 Bd7 8. Nbd2 Na5
9. Bh3 Ne7 10. O-O h6 11. Ne1 Nf5 12. Ng2 Be7 13. Ne3 Bg5 14. Nxf5 exf5 15. f4
Be7 16. Bg2 Be6 17. Qa4+ Nc6 18. Rb1 Bd7 19. Qc2 O-O 20. b3 cxb3 21. Rxb3 Qc7
22. Qd3 Na5 23. Rb1 Be6 24. Bb2 Rfd8 25. Qe2 Rac8 26. Qh5 Kh7 27. Qe2 Rd7 28.
g4 g6 29. Bh3 Nc4 30. gxf5 gxf5 31. Nxc4 dxc4 32. Qh5 Rg8+ 33. Kf2 Rg6 34. Bxf5
Bxf5 35. Qxf5 Bh4+ 36. Ke3 Qc6 37. Rg1 Rc7 38. Rxg6 fxg6 39. Qe4 Qe6 40. Qf3
Qf5 41. Rd1 Rf7 42. h3 Bg5 43. Qg4 Bxf4+ 44. Kf2 Qc2+ 45. Kg1 Qh2+ 0-1

[Event "I Festival Spiaggia di Velluto A"]
[Site "Senigallia ITA"]
[Date "2010.07.29"]
[Round "5"]
[White "Riano', Mirko Alessio"]
[Black "Adami, Antonio"]
[Result "0-1"]
[WhiteElo "1521"]
[BlackElo "1698"]
[PlyCount "80"]
[EventDate "2010.07.26"]

1. e4 c5 2. c3 b6 3. d4 d6 4. d5 e5 5. Nf3 Be7 6. Bb5+ Bd7 7. Bxd7+ Qxd7 8. c4
Nf6 9. Nfd2 O-O 10. O-O Ne8 11. Nc3 f5 12. Nf3 f4 13. Qa4 g5 14. Qxd7 Nxd7 15.
a4 a5 16. Nb5 h5 17. Nd2 g4 18. f3 Kh7 19. Re1 Rg8 20. Kf1 Ndf6 21. Re2 h4 22.
Ke1 Nh5 23. Kd1 h3 24. gxh3 g3 25. hxg3 fxg3 26. Re1 Nf4 27. Rg1 g2 28. Nb3
Nxh3 29. Be3 Nxg1 30. Bxg1 Bg5 31. Ke2 Bf4 32. Nc1 Rg6 33. Nd3 Bg3 34. Nf2 Ng7
35. Ng4 Nh5 36. Nc7 Nf4+ 37. Kd2 Rf8 38. Ra3 Nh3 39. Ra1 Rxg4 40. fxg4 Rf1 0-1

[Event "I Festival Spiaggia di Velluto A"]
[Site "Senigallia ITA"]
[Date "2010.07.29"]
[Round "5"]
[White "Rizzi, Pietro"]
[Black "Liverani, Matteo"]
[Result "0-1"]
[WhiteElo "1595"]
[BlackElo "1842"]
[PlyCount "82"]
[EventDate "2010.07.26"]

1. e4 e6 2. d4 d5 3. Nd2 Nf6 4. e5 Nfd7 5. Bd3 c5 6. c3 Nc6 7. Ne2 Qb6 8. Nf3
cxd4 9. cxd4 f6 10. exf6 Nxf6 11. O-O Bd6 12. Re1 O-O 13. Nc3 Bd7 14. Ne5 Nxd4
15. Nxd7 Nxd7 16. Qa4 Nc6 17. Qh4 Nf6 18. Na4 Qd4 19. Qh3 Qg4 20. Rxe6 Qxh3 21.
gxh3 Rad8 22. Bg5 Ne5 23. Be2 Kf7 24. f4 Kxe6 25. fxe5 Kxe5 26. Bf3 Rc8 27. Nc3
Ne4 28. Bxe4 dxe4 29. Re1 Rxc3 30. bxc3 Bc5+ 31. Be3 Bxe3+ 32. Rxe3 Rf3 33.
Rxf3 exf3 34. Kf2 Kf4 35. c4 b6 36. a4 a5 37. h4 g6 38. h3 h6 39. Ke1 Kg3 40.
h5 g5 41. Kf1 f2 0-1

[Event "I Festival Spiaggia di Velluto A"]
[Site "Senigallia ITA"]
[Date "2010.07.29"]
[Round "5"]
[White "Rotoni, Matteo"]
[Black "Bellincampi, Stefano"]
[Result "1/2-1/2"]
[WhiteElo "2148"]
[BlackElo "2047"]
[PlyCount "106"]
[EventDate "2010.07.26"]

1. e4 e5 2. Nf3 Nc6 3. d4 exd4 4. Nxd4 Nf6 5. Nxc6 bxc6 6. Bd3 d5 7. O-O dxe4
8. Qe1 Be6 9. Bxe4 Nxe4 10. Qxe4 Qd5 11. Nc3 Qxe4 12. Nxe4 Bd5 13. f3 Bxe4 14.
fxe4 Bc5+ 15. Kh1 O-O 16. Bf4 Rfe8 17. Rfe1 Bd4 18. c3 Be5 19. g3 f6 20. Rad1
Kf7 21. Kg2 Rad8 22. Be3 a6 23. Kf3 Ke6 24. h3 Kf7 25. g4 g6 26. Bc5 Ke6 27.
Rf1 Rh8 28. Rxd8 Rxd8 29. Ke2 Rb8 30. Ba3 Bd6 31. b4 Be5 32. Kd3 Rd8+ 33. Kc2
Rh8 34. Bc1 g5 35. Be3 h5 36. gxh5 Rxh5 37. Rf3 Rh4 38. Kd3 Rh8 39. Kc4 Rh4 40.
Kd3 Rh8 41. a4 Rh4 42. a5 Bd6 43. Bf2 Rh8 44. Bd4 Be5 45. Bf2 Bd6 46. Kd4 Rh7
47. Be1 Rh8 48. Kd3 Rh7 49. c4 Rh8 50. Bc3 Be5 51. Bxe5 Kxe5 52. Rf5+ Ke6 53.
Rf3 Ke5 1/2-1/2

[Event "I Festival Spiaggia di Velluto A"]
[Site "Senigallia ITA"]
[Date "2010.07.29"]
[Round "5"]
[White "Simeone, Giulio"]
[Black "Occhipinti, Giuseppe"]
[Result "0-1"]
[WhiteElo "1911"]
[BlackElo "1970"]
[PlyCount "69"]
[EventDate "2010.07.26"]

1. c4 e5 2. Nc3 Nf6 3. Nf3 Nc6 4. e3 Bb4 5. Nd5 e4 6. Ng1 d6 7. Ne2 Nxd5 8.
cxd5 Ne5 9. Nf4 O-O 10. Qa4 Bc5 11. Qxe4 f5 12. Qc2 g5 13. Nh5 f4 14. d4 Bb4+
15. Bd2 Bxd2+ 16. Qxd2 fxe3 17. fxe3 Ng4 18. O-O-O Nf2 19. Be2 Nxh1 20. Rxh1
Bf5 21. Bf3 Qe7 22. e4 Bg6 23. Ng3 Qf6 24. Qc3 g4 25. Be2 Rae8 26. Bd3 c5 27.
dxc6 Rc8 28. Kb1 Rxc6 29. Qb3+ Qf7 30. d5 Rc5 31. Rf1 Qe7 32. Nf5 Bxf5 33. exf5
Qe3 34. f6 Rxf6 35. Rf3 0-1

[Event "I Festival Spiaggia di Velluto A"]
[Site "Senigallia ITA"]
[Date "2010.07.29"]
[Round "5"]
[White "Spilli, Andrea"]
[Black "Burani, Eugenio"]
[Result "1-0"]
[WhiteElo "1757"]
[BlackElo "1947"]
[PlyCount "63"]
[EventDate "2010.07.26"]

1. e4 c5 2. Nf3 Nf6 3. Bc4 Nxe4 4. Nc3 Nxc3 5. dxc3 e6 6. O-O d5 7. Be2 Be7 8.
Bf4 Nd7 9. Qd2 Nf6 10. Rad1 O-O 11. c4 Ne4 12. Qd3 Nf6 13. Be5 Ng4 14. Bf4 Nf6
15. Be5 h6 16. Rfe1 b6 17. c3 Bb7 18. Qc2 Qc8 19. cxd5 Bxd5 20. Bd3 Qb7 21. Nh4
Ng4 22. Bg3 c4 23. Bh7+ Kh8 24. Be4 Nf6 25. Bf3 Rg8 26. Rd4 Bc5 27. Rxc4 Bxf3
28. Nxf3 Rac8 29. Rh4 Nh7 30. Ne5 Qe7 31. Rf4 Nf8 32. Nxf7+ 1-0

[Event "I Festival Spiaggia di Velluto A"]
[Site "Senigallia ITA"]
[Date "2010.07.29"]
[Round "5"]
[White "Vesce, Emanuele"]
[Black "Monducci, Mirko"]
[Result "1/2-1/2"]
[WhiteElo "1735"]
[BlackElo "1948"]
[PlyCount "73"]
[EventDate "2010.07.26"]

1. e4 e6 2. Nf3 d5 3. Nc3 Nf6 4. e5 Nfd7 5. d4 c5 6. dxc5 Bxc5 7. Bd3 Nc6 8.
Bf4 Be7 9. Qd2 a6 10. O-O f6 11. exf6 Nxf6 12. Rfe1 Bd6 13. Bf5 O-O 14. Bxe6+
Kh8 15. Bg5 Bb4 16. a3 Bxe6 17. axb4 Bg8 18. b5 axb5 19. Rxa8 Qxa8 20. Bxf6
Rxf6 21. Nxb5 Qc8 22. Nbd4 Qg4 23. Nxc6 bxc6 24. Ne5 Qf5 25. Nf3 c5 26. Qd3
Qxd3 27. cxd3 Rb6 28. Re2 Rb3 29. Rd2 c4 30. dxc4 dxc4 31. h3 g6 32. Kh2 Kg7
33. Kg3 Kf6 34. Kf4 Rb6 35. Ke3 h5 36. Kd4 Rb3 37. Ke4 1/2-1/2

[Event "I Festival Spiaggia di Velluto A"]
[Site "Senigallia ITA"]
[Date "2010.07.30"]
[Round "6"]
[White "Adami, Antonio"]
[Black "Rizzi, Pietro"]
[Result "1-0"]
[WhiteElo "1698"]
[BlackElo "1595"]
[PlyCount "56"]
[EventDate "2010.07.26"]

1. e4 c6 2. d4 d5 3. Nc3 dxe4 4. Nxe4 Bf5 5. Ng3 Bg6 6. N1e2 h6 7. Nf4 Bh7 8.
Bc4 Nd7 9. O-O Nb6 10. Bb3 Nf6 11. a4 Nbd5 12. Nxd5 cxd5 13. a5 e6 14. Nh5 Nd7
15. Qe2 Bg6 16. Nf4 Bh7 17. Nxd5 Be7 18. Nxe7 Qxe7 19. Qg4 g5 20. Re1 Bf5 21.
Qf3 Qb4 22. Qe3 O-O 23. Bd2 Qe7 24. Bc3 Kh7 25. Qf3 Nf6 26. Qxf5+ exf5 27. Rxe7
Kg6 28. Rxb7 Rg8 1-0

[Event "I Festival Spiaggia di Velluto A"]
[Site "Senigallia ITA"]
[Date "2010.07.30"]
[Round "6"]
[White "Borgiani, Flavio"]
[Black "Calza, Gabriele"]
[Result "1-0"]
[WhiteElo "2194"]
[BlackElo "1992"]
[PlyCount "119"]
[EventDate "2010.07.26"]

1. d4 Nf6 2. Nc3 d5 3. Bg5 Nbd7 4. f3 c6 5. e4 dxe4 6. fxe4 e5 7. dxe5 Qa5 8.
exf6 Qxg5 9. fxg7 Bxg7 10. Nge2 Ne5 11. Qc1 Qf6 12. Qf4 Qxf4 13. Nxf4 Bh6 14.
g3 Bg4 15. Be2 O-O-O 16. Bxg4+ Nxg4 17. Ke2 Rhe8 18. h3 Nf6 19. Kf3 Rd2 20.
Rac1 Rd4 21. Rcd1 Rb4 22. Nd3 Rd4 23. Nf2 Rc4 24. a3 Nd7 25. Ng4 Bg7 26. Ne3
Rc5 27. Nf5 Bf8 28. Rd4 Rc4 29. Rhd1 Rxd4 30. Rxd4 Kc7 31. Kf4 Nc5 32. Rd1 Ne6+
33. Kg4 Nc5 34. Rd4 Ne6 35. Rc4 a6 36. e5 Nc5 37. b4 b5 38. Nd6 h5+ 39. Kf3
Rxe5 40. Rxc5 Bxd6 41. Rxe5 Bxe5 42. Ne4 Bb2 43. Kf4 Bxa3 44. c3 Bb2 45. Kg5
Kb6 46. Kf6 a5 47. bxa5+ Kxa5 48. Kxf7 c5 49. g4 hxg4 50. hxg4 c4 51. g5 Bxc3
52. Nxc3 b4 53. Ne2 c3 54. g6 c2 55. Nc1 Ka4 56. g7 b3 57. g8=Q b2 58. Qa8+ Kb4
59. Qb8+ Kc3 60. Qb3+ 1-0